مناهج البحث عند مفكري الإسلام : (Record no. 6009)
[ view plain ]
| 000 -الفاتح | |
|---|---|
| حقل البيانات ثابتة الطول | 00845cam a22002415a 4500 |
| 003 - محدد رقم الضبط | |
| رقم الضبط | OSt |
| 005 - وقت وتاريخ اخر تعامل مع التسجيلة | |
| رقم الضبط | 20201124141938.0 |
| 008 - عناصر البيانات ثابتة الطول - معلومات عامة | |
| حقل البيانات ثابتة الطول | 080902s1978 ua|||||fr||| 00110 aaradd |
| 020 ## - الرقم الدولى المعيارى للكتب | |
| الرقم الدولى المعيارى للكتاب | 9772472082 |
| 040 ## - مصدر الفهرسة | |
| وكالة الفهرسة الأصلية | EG-Sc BUE |
| لغة الفهرسة | ara |
| وكالة النسخ | EG-Sc BUE |
| 082 04 - رقم تصنيف ديوى العشرى | |
| رقم التصنيف | 181.0297 |
| رقم المادة | ن ش ا |
| رقم الطبعة | 22 |
| 245 10 - بيان العنوان | |
| العنوان | مناهج البحث عند مفكري الإسلام : |
| بقية العنوان | واكتشاف المنهج العلمي في العالم الإسلامي / |
| بيان المسئوليه,etc | تأليف علي سامي النشار |
| 250 ## - بيان الطبعة | |
| بيان الطبعة | ط4 |
| 260 ## - PUBLICATION, DISTRIBUTION, ETC. (IMPRINT) | |
| مكان الناشر او الموزع | القاهرة : |
| اسم الناشر او الموزع | دار المعارف ، |
| تاريخ النشر أو التوزيع | 1978. |
| 300 ## - الوصف المادى | |
| التعداد | 303 ص ؛ |
| أبعاد الوعاء | 24 سم . |
| 500 ## - تبصرة عامة | |
| تبصرة عامة | يشتمل علي فهارس |
| 504 ## - تبصرة ببليوجرافية | |
| تبصرة ببليوجرافية,الخ | ببليوجرافية: ص279-289 |
| 541 ## - تبصرة المصدر المباشر للتزويد | |
| مصدر التزويد | الف باء؛ |
| طريقة التزويد | شراء؛ |
| 590 ## - تبصرة محلية(RLIN) | |
| تبصرة محلية | doaa mohamed |
| 651 ## - المدخل الاضافى بالموضوع - اسم جغرافى | |
| مصدر الرأس أو المصطلح | BUEsh |
| 653 ## - مصطلح تكشيفى غير مقيد | |
| Arrived date list | August2015 |
| Resource For college | Arabic Literature |
| 942 ## - عناصر المدخل الإضافي( كوها) | |
| Koha [default] item type | Book - Borrowing |
| سابقة رقم الطلب | 189ن ش ا |
| مصدر التصنيف او مخطط الترفيف | Dewey Decimal Classification |
| حالة التراجع | حالة الفقد | مصدر التصنيف او خطة الترفيف | حالة تلف | ليس للاعارة | مجموعات كوها | المكان الدائم | المكان الحالي | موقع الترفيف | تاريخ الاكتساب | Source of acquisition | رقم الاستدعاء | الباركود | Date last seen | مُعار | نوع الوعاء |
|---|---|---|---|---|---|---|---|---|---|---|---|---|---|---|---|
| Dewey Decimal Classification | Alef-Baa | Central Library | Central Library | Lower Floor | 21/07/2010 | 181.0297 ن ش ا | 000007576 | 15/07/2025 | 05/10/2011 | Book - Borrowing |